[Event "Champions Showdown Kings Blitz 2019-D"]
[Site "Saint Louis"]
[Date "2019.02.23"]
[Round "10"]
[White "Dominguez Perez, Leinier"]
[Black "Topalov, Veselin"]
[Result "1-0"]
[WhiteElo "2739"]
[BlackElo "2740"]
[Annotator "TA"]
[PlyCount "63"]
[EventDate "2019.02.09"]
[EventType "match"]
[EventCountry "USA"]
[SourceTitle "playchess.com"]
[Source "ChessBase"]
[SourceQuality "1"]

{[%evp 11,63,26,31,19,81,73,85,85,76,45,88,100,88,72,89,85,131,97,74,82,100,116,118,79,96,88,93,75,124,99,191,179,467,465,522,274,259,272,268,236,265,245,365,377,387,381,359,365,385,349,406,413,510,495]} 1. d4 Nf6 2. Nf3 e6 3. e3 b6 4. Bd3 Bb7 5. O-O Be7 6. c4 d5 7. cxd5 {E14: Queen's Indian: Classical Variation (4 e3)} (7. b3 O-O 8. Bb2 c5 9. Nc3 cxd4 10. exd4 Nc6 11. Rc1 Rc8 12. Re1 g6 13. cxd5 Nxd5 14. Nxd5 Qxd5 15. Be4 Qd7 16. d5 exd5 17. Qxd5 Qxd5 18. Bxd5 Bb4 19. Red1 Na5 20. Bxb7 Nxb7 {1-0 (57) Anton Guijarro,D (2650)-Banikas,H (2568) Doha 2016}) 7... Nxd5 (7... exd5 $11 {keeps the balance.} 8. Nc3 Nbd7) 8. e4 $16 Nb4 {[#]} 9. Bb5+ $1 {White is better.} c6 10. Be2 c5 $146 ({Predecessor:} 10... O-O 11. a3 N4a6 12. Nc3 c5 13. d5 exd5 14. Nxd5 Nc7 {½-½ (23) Laszlo,J (2331)-Vartsaba,A (2053) Nyiregyhaza 2008}) 11. a3 N4a6 12. Bb5+ Kf8 13. Nc3 Nc7 14. Be2 cxd4 15. Nxd4 Nc6 16. Nxc6 Bxc6 17. Bf4 (17. Qc2 {is interesting.} e5 18. Be3 h5 19. Rfd1 Qe8 20. Nd5) 17... Qxd1 18. Rfxd1 Ne8 19. Rac1 Nf6 20. Bf3 Nd7 (20... Rg8 $16) 21. Ne2 $36 {[%mdl 2048] White is really pushing.} Ba4 $2 {[#]} (21... Nc5 {keeps fighting.} 22. b4 Ba4) 22. b3 $1 $18 {[%mdl 512]} Bb5 (22... Bxb3 23. Rxd7) 23. a4 Bxe2 24. Rxd7 ({Much less strong is} 24. Bxe2 $6 Nc5 $16) 24... Bxf3 25. gxf3 {aiming for Rxa7!} Bc5 26. Be3 Bxe3 (26... g6 {was called for.} 27. Bh6+ (27. Bxc5+ bxc5 28. Rxc5 Kg7 $16) 27... Ke8) 27. fxe3 {KRR-KRR} g5 28. Rcc7 Kg7 29. Rxf7+ Kg6 30. Rg7+ Kh6 31. Rge7 Rae8 32. Rxa7 {Accuracy: White = 60%, Black = 33%.} 1-0

[Event "Champions Showdown Kings Blitz 2019-D"]
[Site "Saint Louis"]
[Date "2019.02.22"]
[Round "11"]
[White "Topalov, Veselin"]
[Black "Dominguez Perez, Leinier"]
[Result "1/2-1/2"]
[WhiteElo "2740"]
[BlackElo "2739"]
[Annotator "TA"]
[PlyCount "85"]
[EventDate "2019.02.09"]
[EventType "match"]
[EventCountry "USA"]
[SourceTitle "playchess.com"]
[Source "ChessBase"]
[SourceQuality "1"]

{[%evp 14,85,42,31,35,33,40,40,13,17,25,18,17,0,49,24,22,9,25,34,37,18,37,24,39,6,14,7,7,-12,0,-2,0,5,50,48,104,105,105,105,105,105,105,105,91,66,62,14,12,16,14,10,26,28,405,45,60,11,12,4,4,6,3,0,0,0,0,0,0,0,0,0,0,0]} 1. d4 Nf6 2. c4 e6 3. Nc3 Bb4 4. Nf3 c5 5. g3 Nc6 6. Bg2 Ne4 7. Bd2 Nxd2 8. Qxd2 cxd4 {E20: Nimzo-Indian: 4 g3 and 4 f3} 9. Nxd4 O-O 10. O-O Ne5 {White is slightly better.} 11. b3 a6 12. Rfd1 Qa5 13. Rdc1 $146 ({Predecessor:} 13. Rac1 Rb8 14. a3 Qxa3 15. Ra1 Bxc3 16. Qxc3 {½-½ (28) Gelfand,B (2743)-Ponomariov,R (2709) Tashkent 2016}) 13... Nc6 14. e3 Ba3 15. Rd1 Bb4 16. Nde2 Qc7 17. a3 Be7 18. Ne4 Na5 19. Rab1 d6 20. h4 Rd8 21. N2c3 Rb8 22. Rdc1 b6 23. Qe2 $36 {[%mdl 2048] Black is under pressure.} Bb7 24. Nd5 Qd7 ({Black should play} 24... exd5 $14 25. cxd5 Qd7) 25. Nxb6 $16 Qc7 26. Nd5 $1 {[%cal Rd5c7]} exd5 27. cxd5 Qb6 {[#]} 28. b4 $1 Bxd5 {And now ...Nc4! would win.} 29. bxa5 Qxa5 30. Qd2 Qxd2 31. Nxd2 Be6 32. Nf3 d5 33. a4 Bd7 $2 {[%mdl 8192] [#]} (33... Ba3 $11 {and Black has nothing to worry.}) 34. a5 $2 ({Only move:} 34. Rxb8 $1 $18 Rxb8 35. Rc7) 34... Bb4 35. Nd4 Bxa5 {The position is equal.} 36. Bxd5 Rxb1 37. Rxb1 Bc3 38. Rb7 Bxd4 39. exd4 Be6 40. Bxe6 fxe6 41. Rb6 Kf7 42. Rxa6 Rxd4 43. Ra2 {Accuracy: White = 47%, Black = 58%.} 1/2-1/2

[Event "Champions Showdown Kings Blitz 2019-D"]
[Site "Saint Louis"]
[Date "2019.02.22"]
[Round "12"]
[White "Dominguez Perez, Leinier"]
[Black "Topalov, Veselin"]
[Result "1/2-1/2"]
[WhiteElo "2739"]
[BlackElo "2740"]
[Annotator "ChessBase"]
[PlyCount "100"]
[EventDate "2019.02.09"]
[EventType "match"]
[EventCountry "USA"]
[SourceTitle "playchess.com"]
[Source "ChessBase"]
[SourceQuality "1"]
[TimeControl "900+10"]

1. d4 {[%emt 0:12:06]} Nf6 {[%emt 0:12:07]} 2. Nf3 {[%emt 0:00:10]} d5 {[%emt 0:00:09]} 3. e3 {[%emt 0:00:08]} c6 {[%emt 0:00:09]} 4. Nbd2 {[%emt 0:00:10]} Bf5 {[%emt 0:00:14]} 5. Bd3 {[%emt 0:00:34]} Bg6 {[%emt 0:00:16]} 6. Ne5 {[%emt 0:00:14]} e6 {[%emt 0:00:09]} 7. Nxg6 {[%emt 0:00:16]} hxg6 {[%emt 0:00:09]} 8. c4 {[%emt 0:00:11]} Nbd7 {[%emt 0:00:14]} 9. O-O {[%emt 0:00:20]} Bd6 {[%emt 0:00:12]} 10. h3 {[%emt 0:00:11]} O-O {[%emt 0:00:16]} 11. Nf3 {[%emt 0:00:23]} Qe7 {[%emt 0:00:15]} 12. a3 {[%emt 0:00:27]} e5 {[%emt 0:00:25]} 13. dxe5 {[%emt 0:00:33]} Nxe5 {[%emt 0:00:10]} 14. cxd5 {[%emt 0:00:16]} Nxd3 {[%emt 0:00:19]} 15. Qxd3 {[%emt 0:00:09]} Nxd5 {[%emt 0:00:09]} 16. Bd2 {[%emt 0:00:10]} Rad8 {[%emt 0:00:12]} 17. Qc2 {[%emt 0:00:09]} Rfe8 {[%emt 0:00:10]} 18. Rac1 {[%emt 0:00:12]} Rd7 {[%emt 0:00:12]} 19. e4 {[%emt 0:00:31]} Nf4 {[%emt 0:00:16]} 20. Bxf4 {[%emt 0:00:31]} Bxf4 {[%emt 0:00:09]} 21. Rce1 {[%emt 0:00:09]} Bc7 {[%emt 0:00:21]} 22. g3 {[%emt 0:00:11]} Qe6 {[%emt 0:00:16]} 23. Kg2 {[%emt 0:00:10]} Red8 {[%emt 0:00:09]} 24. Re3 {[%emt 0:00:17]} Bb6 {[%emt 0:00:09]} 25. Rc3 Ba5 {[%emt 0:00:23]} 26. b4 {[%emt 0:00:25]} Bb6 {[%emt 0:00:08]} 27. Re1 {[%emt 0:00:08]} a5 {[%emt 0:00:14]} 28. Re2 {[%emt 0:00:09]} axb4 {[%emt 0:00:10]} 29. axb4 {[%emt 0:00:09]} Rd1 {[%emt 0:00:25]} 30. h4 {[%emt 0:00:15]} R1d7 {[%emt 0:00:10]} 31. e5 {[%emt 0:00:16]} Rd1 {[%emt 0:00:22]} 32. Ng5 {[%emt 0:00:14]} Qd5+ {[%emt 0:00:11]} 33. Rf3 {[%emt 0:00:09]} Rd3 {[%emt 0:00:37]} 34. Qxd3 {[%emt 0:00:16]} Qxd3 {[%emt 0:00:13]} 35. Rxd3 {[%emt 0:00:09]} Rxd3 {[%emt 0:00:09]} 36. e6 {[%emt 0:00:09]} fxe6 {[%emt 0:00:17]} 37. Rxe6 {[%emt 0:00:08]} Rd8 {[%emt 0:00:12]} 38. Re7 {[%emt 0:00:17]} Bd4 {[%emt 0:00:17]} 39. Rxb7 {[%emt 0:00:09]} Bf6 {[%emt 0:00:09]} 40. Ne6 {[%emt 0:00:12]} Re8 {[%emt 0:00:12]} 41. Nf4 {[%emt 0:00:10]} g5 {[%emt 0:00:09]} 42. hxg5 {[%emt 0:00:11]} Bxg5 {[%emt 0:00:08]} 43. Nh5 {[%emt 0:00:09]} Re7 {[%emt 0:00:09]} 44. Rb6 {[%emt 0:00:13]} Bd2 {[%emt 0:00:09]} 45. f4 {[%emt 0:00:10]} Kf7 {[%emt 0:00:09]} 46. g4 {[%emt 0:00:11]} g6 {[%emt 0:00:09]} 47. Ng3 {[%emt 0:00:09]} Bxf4 {[%emt 0:00:09]} 48. Rxc6 {[%emt 0:00:10]} Rb7 {[%emt 0:00:11]} 49. Rc4 {[%emt 0:00:09]} Bd6 {[%emt 0:00:08]} 50. Ne4 {[%emt 0:00:09]} Bxb4 {[%emt 0:00:10]} 1/2-1/2

[Event "Champions Showdown Kings Blitz 2019-D"]
[Site "Saint Louis"]
[Date "2019.02.22"]
[Round "13"]
[White "Topalov, Veselin"]
[Black "Dominguez Perez, Leinier"]
[Result "1/2-1/2"]
[WhiteElo "2740"]
[BlackElo "2739"]
[Annotator "TA"]
[PlyCount "139"]
[EventDate "2019.02.09"]
[EventType "match"]
[EventCountry "USA"]
[SourceTitle "playchess.com"]
[Source "ChessBase"]
[SourceQuality "1"]

{[%evp 16,139,35,37,28,28,41,37,56,40,42,34,37,40,60,48,72,16,18,0,8,0,0,-17,-18,-56,-68,-64,-62,-56,-61,-47,-33,-45,-8,-40,-32,-32,-32,-97,-13,-12,-14,-62,-66,-117,-93,-131,-127,-160,-136,-126,-97,-98,-25,-23,-9,-54,-60,-84,-86,-131,-129,-131,-72,-107,-102,-143,-115,-180,-112,-173,-163,-163,-164,-203,-203,-283,-293,-281,-282,-278,-274,-360,-366,-397,-400,-602,-600,-593,-586,-612,-595,-717,-738,-729,-725,-650,-239,-213,-8,-14,0,0,8,8,8,0,0,0,0,0,0,0,0,0,0,0,0,0,0,0,0,0,0,0]} 1. d4 Nf6 2. c4 g6 3. g3 Bg7 4. Bg2 O-O 5. Nc3 c5 6. Nf3 cxd4 7. Nxd4 Nc6 8. O-O Qa5 9. e3 d6 {A39: Symmetrical English vs ...g6: 4 Bg2 Bg7 5 Nf3 Nf6 6 0-0 0-0 7 d4} 10. Bd2 (10. h3 Bd7 11. Qe2 Rfc8 12. Rd1 a6 13. Bd2 Qd8 14. Rac1 Rab8 15. Nxc6 Bxc6 16. e4 Nd7 17. Bg5 h6 18. Be3 {½-½ (41) Ding,L (2778)-Bacrot,E (2718) Liaocheng 2018}) 10... Bd7 11. b3 Rfc8 {White is slightly better.} 12. Rc1 Rab8 13. Nxc6 $146 ({Predecessor:} 13. Nd5 Qd8 14. Nxf6+ Bxf6 15. Bc3 Nxd4 16. Bxd4 Bxd4 17. exd4 e6 18. Qd2 {½-½ (54) Zaltsman,V-Sunye Neto,J (2360) Lone Pine 1978}) 13... Bxc6 14. e4 Qa3 15. Rc2 a6 {[%cal Ba7a6,Ba6b5,Bb5b4][%mdl 32] [#]} 16. Bc1 (16. c5 $1 $16 {[%mdl 512]} Qa5 (16... Qxc5 17. Nd5) 17. Re1) 16... Qa5 $11 17. Bd2 Qd8 18. Be3 b5 19. cxb5 axb5 20. Qd2 b4 21. Nd5 Nxd5 22. exd5 Bc3 23. Qc1 $1 Bb5 {Strongly threatening ...Bd3.} 24. Rd1 Bf6 25. Bh3 Rxc2 26. Qxc2 Qa5 27. Bd2 {[#]} (27. Rc1 $15) 27... Qa3 ({Black should try} 27... Be2 $1 $17 {[%cal Re2d1]} 28. Re1 Bf3) 28. Bc1 Qa6 29. Bd2 Be2 30. Re1 (30. Rc1 $15) 30... Bf3 31. Qc7 Ra8 32. Bg2 Bxg2 33. Kxg2 Qxa2 34. Qb7 Rf8 (34... Kg7 $17 35. Qxb4 Rc8) 35. Qxb4 Qa8 36. Qc4 Rc8 $36 {[%mdl 2048] Black has some pressure.} 37. Qd3 Rc5 38. Be3 Rxd5 39. Qe4 e6 (39... Ra5 $142 40. Qxa8+ Rxa8) 40. Rc1 h5 41. h4 Qb7 42. Qf3 (42. b4 $17 {is a better defense.}) 42... Bg7 (42... Rb5 $19 43. Qxb7 Rxb7) 43. Bg5 (43. Rc4 $17) 43... Rb5 44. Qxb7 Rxb7 $19 {[%mdl 4096] Endgame KRB-KRB} 45. Rb1 Bc3 46. Kf3 f6 47. Be3 d5 48. Ke2 e5 49. Kd3 d4 50. Bc1 Kf7 51. f4 (51. Ba3 $142 Be1 52. Ke2) 51... Ke6 52. fxe5 fxe5 53. Ke4 Rf7 54. Bg5 Rf2 55. b4 {[%cal Bb3b4,Bb4b5][%mdl 32]} Re2+ 56. Kd3 Rg2 $2 (56... Re1 57. Rxe1 Bxe1) 57. Kc4 Ra2 $2 ({But not} 57... Rxg3 58. Rf1 $17) (57... e4 $19 {aiming for ...Rc2.} 58. Be3 dxe3 59. Kxc3 Rxg3) 58. b5 $11 {The position is equal.} Ra8 {...e4 is the strong threat.} 59. b6 Kd6 60. b7 Rb8 61. Kd3 Kc6 62. Bf6 Rxb7 63. Rxb7 Kxb7 64. Bxe5 {KB-KB} Kc6 {And now ...Kd5 would win.} 65. Bxd4 Be1 66. Be5 Kd5 67. Bf4 Bb4 68. Bb8 Bc5 69. Bf4 Ke6 70. Ke4 {Accuracy: White = 42%, Black = 53%.} 1/2-1/2

[Event "Champions Showdown Kings Blitz 2019-D"]
[Site "Saint Louis"]
[Date "2019.02.24"]
[Round "14"]
[White "Dominguez Perez, Leinier"]
[Black "Topalov, Veselin"]
[Result "1-0"]
[WhiteElo "2739"]
[BlackElo "2740"]
[Annotator "TA"]
[PlyCount "61"]
[EventDate "2019.02.09"]
[EventType "match"]
[EventCountry "USA"]
[SourceTitle "playchess.com"]
[Source "ChessBase"]
[SourceQuality "1"]

{[%evp 21,61,0,0,0,0,-21,-24,-28,0,4,0,0,0,0,0,0,15,0,245,247,508,125,433,433,433,433,433,424,535,527,743,732,1169,1191,29991,791,29991,29992,29993,29994,29997,29998]} 1. e4 e5 2. Nf3 Nc6 3. Bb5 Nf6 4. d3 Bc5 5. Nbd2 d6 6. c3 O-O 7. O-O Ne7 {C65: Ruy Lopez: Berlin Defence (3...Nf6), unusual lines and 4 0-0 Bc5} (7... a6 8. Bxc6 bxc6 9. d4 exd4 10. cxd4 Bb6 11. Qc2 Re8 12. Re1 c5 13. d5 Bg4 14. b3 Ba5 15. Re3 {½-½ (37) Vitiugov,N (2730)-Jakovenko,D (2748) Satka 2018}) 8. d4 exd4 9. cxd4 Bb6 10. Re1 Bg4 11. h3 Bh5 {LiveBook: 37 Games} 12. a4 a6 13. Bf1 Nc6 14. a5 Nxa5 15. d5 $1 {[#] Hoping for b4.} c5 $146 16. b3 Bc7 17. Bb2 b5 18. g4 $36 {[%mdl 2048] White is pushing.} Bg6 19. Nh4 Nxe4 $2 (19... Re8 $11 {and Black is okay.}) 20. Nxg6 $18 Nxd2 $2 (20... Nxf2 21. Ne7+ Qxe7 22. Rxe7 Nxd1 23. Rxc7 (23. Rxd1 Bd8 $16) 23... Nxb2 24. Rxa5 Nd1) 21. Nxf8 $2 (21. Ne7+ $18 {is the precise move to win.} Kh8 22. Qxd2) 21... Naxb3 $2 {[%mdl 8192]} (21... Qxf8 $16 {is more resistant.} 22. Qxd2 Nxb3) 22. Ne6 fxe6 23. dxe6 Qe7 24. Bg2 Rf8 25. Rxa6 c4 26. Bc3 Nc5 27. Ra7 Ndb3 {[#]} 28. Qd5 (28. Rxc7 $142 $1 {[%mdl 512]} Qxc7 29. e7 Qb8 30. Qd5+ Kh8 31. Qg5 Ne6 32. Rxe6 Nd4 33. Bxd4 Rg8 {[#]} 34. Qxg7+ $1 {[%mdl 512]} Rxg7 35. e8=Q+ Qxe8 36. Rxe8#) 28... Kh8 {[#]} 29. Rxc7 $1 {[%mdl 512] White mates.} Qxc7 30. e7 {[%cal Re7f8]} Re8 31. Qf7 {Precision: White = 60%, Black = 31%.} 1-0

[Event "Champions Showdown Kings Blitz 2019-D"]
[Site "Saint Louis"]
[Date "2019.02.22"]
[Round "15"]
[White "Topalov, Veselin"]
[Black "Dominguez Perez, Leinier"]
[Result "1/2-1/2"]
[WhiteElo "2740"]
[BlackElo "2739"]
[Annotator "TA"]
[PlyCount "143"]
[EventDate "2019.02.09"]
[EventType "match"]
[EventCountry "USA"]
[SourceTitle "playchess.com"]
[Source "ChessBase"]
[SourceQuality "1"]

{[%evp 14,143,28,41,59,-26,-23,-73,-57,-59,-30,-60,-65,-82,-76,-72,-78,-80,-68,-88,-87,-92,-81,-83,-78,-69,-71,-63,-74,-71,-73,-93,-80,-75,-56,-65,-66,-144,-63,-69,-67,-73,-69,-128,-127,-126,-132,-159,-109,-109,-113,-112,-107,-117,-113,-117,-53,-166,-164,-163,-161,-169,-162,-166,-163,-182,-64,-70,-69,-169,-164,-268,-256,-245,-193,-198,-195,-198,-198,-491,-199,-185,-158,-158,-158,-158,-158,-158,-158,-158,-158,-158,-158,-158,-158,-158,-158,-147,0,0,0,0,0,0,0,-8,-8,-8,-8,-8,-8,-8,-8,-8,-8,-8,0,0,0,-8,-8,-8,0,-8,0,0,0,0,0,0,0,0]} 1. d4 Nf6 2. c4 g6 3. g3 c5 4. Nf3 Bg7 5. Bg2 Qa5+ 6. Nc3 Nc6 7. O-O cxd4 8. Nxd4 Qc5 {A38: Symmetrical English vs ...g6: 4 Bg2 Bg7 5 Nf3 Nf6} 9. e3 $146 (9. Ndb5 $14 O-O 10. Nc7) ({Predecessor:} 9. Ndb5 O-O 10. Be3 Qxc4 11. Rc1 Qb4 12. Nc7 Rb8 13. a3 Qa5 14. N3b5 Ng4 15. Bc5 Bxb2 16. Rc4 {1-0 (44) Dubov,D (2536)-Dominguez Perez,L (2730) Sochi 2012}) 9... Qxc4 $11 10. Ndb5 O-O {Black is better.} 11. b3 Qg4 12. Bb2 d6 13. Bf3 Qh3 14. Bg2 Qh5 15. Qxh5 Nxh5 16. Rac1 Bd7 17. Ba3 Nf6 18. Nc7 Rac8 19. N7d5 Nxd5 20. Nxd5 {Black should prevent Rxc6!} Rfe8 21. Rfd1 Kf8 22. h3 h5 23. f4 Be6 24. Kf2 Red8 25. Rc2 {[#]} (25. Rd2 $15) 25... Na5 (25... Nd4 $1 $17 26. Rxc8 Rxc8) 26. Nc7 Bf5 27. Rcc1 Bd7 28. b4 (28. Rd2 $15) 28... Nc6 $17 {[%cal Ba5c6,Bc6b8,Bb8d7][%mdl 32]} 29. Nd5 Nb8 30. Re1 Rxc1 31. Rxc1 Rc8 32. Rxc8+ Bxc8 33. b5 Nd7 34. Bb4 Nc5 (34... b6 $17 35. Bc3 Bxc3 36. Nxc3 Nc5) 35. b6 {[#]} ({White should try} 35. Bxc5 $1 $15 dxc5 36. b6) 35... axb6 $1 $19 36. Nxb6 {Hoping for Bxc5.} Nd3+ 37. Ke2 Bxh3 $1 ({But not} 37... Nxb4 38. Nxc8 Nxa2 39. Bxb7 $17) 38. Bxh3 Nxb4 {[%mdl 4096] Endgame KBN-KBN} 39. a3 Nc2 (39... Nc6 $19 40. Bc8 Na5) 40. a4 $1 $15 e6 41. Bg2 (41. Nc8 $1 $15) 41... d5 $19 42. e4 (42. Nc8 {is a better defense.}) 42... Bd4 43. Nc8 {intending Kd3.} Ne3 44. Bh1 dxe4 45. Bxe4 Nd5 {aiming for ...Nc3+.} 46. a5 $2 (46. Nd6) 46... Bc3 (46... Nc3+ $142 47. Kf3 Nxe4 48. Kxe4 Bc5) 47. Nb6 Nxb6 48. axb6 {KB-KB} Bd4 49. Bxb7 Bxb6 50. Kf3 Kg7 51. g4 hxg4+ 52. Kxg4 f5+ 53. Kf3 Kf6 54. Ba6 Bc7 55. Bb5 Bxf4 ({Black should play} 55... e5 $17 56. fxe5+ Bxe5) 56. Kxf4 $17 {KB-K3P. The position is equal.} e5+ 57. Kf3 e4+ 58. Kf4 g5+ 59. Ke3 Ke5 60. Bd7 g4 {And now ...g3 would win.} 61. Kf2 $1 Kf4 62. Bc8 Kg5 {White must now prevent ...f4.} 63. Bb7 Kf6 (63... Kh4 $5 64. Kg2 $8 e3 $11) 64. Bc8 Ke5 65. Bd7 Kf4 66. Bc8 g3+ 67. Kg2 Kg4 68. Bd7 Kf4 {[#]} 69. Bxf5 $1 {[%mdl 512]} Kxf5 (69... e3 $5 70. Bd3 $8 e2 71. Bxe2 Kg5 72. Kxg3 $18) 70. Kxg3 Ke5 (70... e3 $5 71. Kf3 $8 Ke6 $11) 71. Kf2 Kd4 {( -> ...Kd3)} 72. Ke2 {Accuracy: White = 45%, Black = 63%.} 1/2-1/2

[Event "Champions Showdown Kings Blitz 2019-D"]
[Site "Saint Louis"]
[Date "2019.02.22"]
[Round "16"]
[White "Dominguez Perez, Leinier"]
[Black "Topalov, Veselin"]
[Result "1-0"]
[WhiteElo "2739"]
[BlackElo "2740"]
[Annotator "TA"]
[PlyCount "143"]
[EventDate "2019.02.09"]
[EventType "match"]
[EventCountry "USA"]
[SourceTitle "playchess.com"]
[Source "ChessBase"]
[SourceQuality "1"]

{[%evp 12,143,20,25,12,12,9,8,16,20,24,20,46,27,22,2,8,8,18,0,31,22,28,1,10,7,31,28,19,29,33,20,53,5,24,8,22,21,30,33,52,35,33,0,42,0,0,0,0,2,25,0,8,2,1,8,6,-112,-116,-122,-122,-122,-124,-156,-79,-79,-79,-87,0,0,8,0,0,0,0,0,47,47,47,0,81,81,81,81,81,81,98,81,98,10,98,0,31,31,81,34,79,30,30,14,30,14,14,0,30,30,30,30,101,101,110,14,110,110,110,110,11877,12165,5481,5600,29961,29959,6709,6095,29968,29969,29967,29970,29983,29983,29988,29989,29990,29991]} 1. e4 e5 2. Nf3 Nc6 3. Bb5 Nf6 4. d3 Bc5 5. Nbd2 d6 6. c3 O-O 7. O-O a6 {C65: Ruy Lopez: Berlin Defence (3...Nf6), unusual lines and 4 0-0 Bc5} 8. Ba4 (8. Bxc6 bxc6 9. d4 exd4 10. cxd4 Bb6 11. Qc2 Re8 12. Re1 c5 13. d5 Bg4 14. b3 Ba5 15. Re3 {½-½ (37) Vitiugov,N (2730)-Jakovenko,D (2748) Satka 2018}) 8... b5 9. Bc2 Bb6 {The position is equal.} 10. Re1 Ng4 11. Re2 Ne7 12. h3 Nf6 13. Re1 Ng6 14. Nf1 Re8 15. Ng3 h6 16. d4 $146 ({Predecessor:} 16. Be3 c5 17. c4 {0-1 (59) Barbier,A (1853)-Hoare,A (2017) Bhubaneswar 2016}) 16... c5 17. a4 cxd4 18. cxd4 Rb8 19. axb5 axb5 20. Be3 Be6 21. Qd2 Rc8 22. d5 Bd7 23. Bd3 Bxe3 24. Qxe3 Nf4 25. Bf1 Rc2 26. Rec1 Rxc1 27. Rxc1 (27. Qxc1 {keeps more tension.} Qb8 28. Ra6 Rc8 29. Qe3 Qc7 30. Qa3) 27... Qb8 28. Ne2 (28. Ra1 {with more complications.} Rc8 29. Ra6 Qc7 30. Qa3 Ne8 31. Ra7) 28... Nxe2+ 29. Bxe2 Rc8 30. Ra1 b4 {[%cal Bb5b4,Bb4c3][%mdl 32]} 31. Nd2 Bb5 32. Bd3 Bxd3 33. Qxd3 Qc7 34. b3 (34. Qb5 $11) 34... Qc3 $17 35. Qxc3 bxc3 {[%mdl 4096] Endgame KRN-KRN} 36. Nc4 Nxe4 {Strongly threatening ...Nc5.} 37. Rc1 Rb8 (37... Kf8 $142 38. Ne3 Ke7) 38. f3 Nd2 39. Rxc3 Nxb3 ({Black should try} 39... Rc8 $1 $17) 40. Nxd6 $11 Nd4 41. Rc7 Rd8 42. Nxf7 Rxd5 43. Re7 Nf5 44. Rxe5 Rd1+ 45. Kh2 Kxf7 (45... Nh4 $11 {remains equal.} 46. Re4 Nxf3+ 47. Kg3 Kxf7 48. Kxf3 Rf1+ 49. Ke3 Ra1) 46. Rxf5+ {KR-KR} Kg6 47. g4 Rd3 48. Kg3 Ra3 49. Re5 Rb3 50. Kf2 (50. h4 $16) 50... Ra3 (50... Rb2+ $1 $11 51. Kg3 Kf6 52. Rf5+ Ke6) 51. Re3 (51. h4 $16) 51... Ra2+ 52. Kg3 Ra4 53. f4 Kh7 54. f5 Kg8 55. Kf3 Rb4 56. Re4 Rb3+ 57. Re3 Rb4 58. Rc3 Ra4 59. Kg3 Rb4 (59... g6 $11 {keeps the balance.}) 60. Kh4 $16 Kh7 {[#]} 61. Rc7 (61. Kh5 $1 $16) 61... Kg8 (61... Rb3 $11) 62. Kh5 Rb6 63. Re7 Ra6 $2 {[%mdl 8192] [#]} (63... Kh7 $16 64. Re3 Ra6) 64. Re6 $1 $18 {[%cal Re6a6]} Ra8 65. Kg6 Rb8 66. Rc6 Rd8 67. h4 Rb8 68. g5 {White mates.} hxg5 69. hxg5 Kh8 70. Re6 Rg8 71. Kf7 Ra8 72. Re8+ {Accuracy: White = 59%, Black = 33%.} 1-0

[Event "Champions Showdown Kings Blitz 2019-D"]
[Site "Saint Louis"]
[Date "2019.02.22"]
[Round "17"]
[White "Topalov, Veselin"]
[Black "Dominguez Perez, Leinier"]
[Result "0-1"]
[WhiteElo "2740"]
[BlackElo "2739"]
[Annotator "TA"]
[PlyCount "96"]
[EventDate "2019.02.09"]
[EventType "match"]
[EventCountry "USA"]
[SourceTitle "playchess.com"]
[Source "ChessBase"]
[SourceQuality "1"]

{[%evp 24,96,36,43,39,50,63,65,88,92,77,89,103,95,113,45,40,45,46,51,48,48,97,101,151,149,159,41,44,40,43,11,27,0,0,0,0,-5,0,-75,59,0,0,0,0,0,0,0,0,0,0,-27,-8,-8,89,-8,-8,-8,0,-8,-8,-8,0,-212,-187,-804,-804,-804,-804,-783,-768,-720,-482,-475,-348]} 1. Nf3 Nf6 2. c4 g6 3. Nc3 Bg7 4. e4 d6 5. d4 O-O 6. Be2 e5 7. d5 a5 8. h3 Na6 9. Bg5 Qe8 10. Nd2 Nd7 11. a3 {E92: King's Indian: Classical: 6 Be2 e5: 7 dxe5, 7 Be3 and Petrosian System without 7...Nbd7} Nb6 (11... f6 12. Bh4 Nb6 13. b3 Bh6 14. f3 Be3 15. Bf2 Bxf2+ 16. Kxf2 f5 17. Rb1 Qd8 18. h4 Nd7 {½-½ (40) Karjakin,S (2772)-Nakamura,H (2772) Shamkir 2014 CBM 160 [Krasenkow,M]}) 12. b3 Bd7 13. O-O {LiveBook: 4 Games. White is slightly better.} Nc5 {[#]} 14. Rc1 $146 ({Predecessor:} 14. Qc2 f5 15. b4 Nca4 16. Nb5 Bxb5 17. cxb5 f4 18. Bh4 h6 {1-0 (35) Piorun,K (2665)-Georgiadis,N (2473) Germany 2017}) 14... f5 15. b4 axb4 16. axb4 Nca4 17. Nb5 Rc8 18. Qc2 h6 19. Bh4 (19. Be3 $16) 19... g5 $1 $14 {[%cal Rg5h4]} 20. Bg3 f4 21. Bh2 h5 22. f3 Rf6 23. Ra1 c6 24. dxc6 bxc6 25. Nxd6 (25. Na7 $16 Rc7 26. Rxa4 Nxa4 27. Qxa4) 25... Rxd6 26. c5 Rg6 27. cxb6 (27. Rfc1 {is more complex.} Rd8 28. cxb6 Nxb6 29. Kf1 Nc8 30. Bg1) 27... Nxb6 28. Nb3 g4 29. fxg4 hxg4 30. hxg4 Bxg4 31. Nc5 (31. Bxg4 $11 {keeps the balance.} Rxg4 32. Ra6) 31... Bf8 ({Black should try} 31... Bxe2 $17 32. Qxe2 Qf7) 32. Qb3+ (32. Bxg4 $14 Rxg4 33. Ra7) 32... Qf7 $11 33. Qxf7+ Kxf7 34. Ra7+ Kg8 35. Bxg4 Rxg4 36. Rc1 Rd8 37. Rc2 Bxc5+ 38. bxc5 Rd1+ 39. Kf2 Nd7 40. g3 Rd3 {[%cal Rf4g3]} 41. gxf4 exf4 42. Rb2 Kf7 {[#] Threatens to win with ...Ke6.} 43. Rbb7 $2 (43. Ke2 $11 {and White is okay.} Re3+ 44. Kf2) 43... Ke6 $19 {And now ...f3 would win.} 44. Rxd7 $2 (44. Ke2 Re3+ 45. Kf1) 44... Rxd7 {Black is clearly winning.} 45. Rxd7 Kxd7 46. Kf3 {[#]} Rg5 $1 {[%cal Rg5c5]} 47. Bxf4 Rxc5 48. Ke2 Rc3 {Precision: White = 43%, Black = 55%.} 0-1